Bohács Zsolt világbajnok.

Elmentve itt :
Bibliográfiai részletek
Dokumentumtípus: Cikk
Megjelent: 1990-08-27
Sorozat:Nemzeti Sport
Kulcsszavak:Sport
Online Access:http://univ.bibl.u-szeged.hu/26396
LEADER 00392nab a2200145 i 4500
001 univ26396
005 20171214105012.0
008 171214s1990 hu o 0|| zxx d
040 |a SZTE UnivHistória Repozitórium  |b hun 
041 |a zxx 
245 0 0 |a Bohács Zsolt világbajnok.  |h [elektronikus dokumentum] 
260 |c 1990-08-27 
490 0 |a Nemzeti Sport 
561 |a Egyetemi hirarchívum 
695 |a Sport